|
|
|
|
| LEADER |
00000nab a2200000 a 4500 |
| 001 |
vtls010254070 |
| 003 |
SK-MaSNL |
| 005 |
20260303222221.0 |
| 008 |
11030223c2005 xo o e sl |
| 035 |
|
|
|a SVKKK000081597
|
| 038 |
|
|
|a SVKKK
|
| 040 |
|
|
|a SVKKK
|b slo
|c SVKKK
|e AACR2
|
| 041 |
0 |
|
|a slo
|
| 044 |
|
|
|a xo
|c SK
|
| 080 |
|
|
|a 349.6(437.6)
|2 1997
|
| 080 |
|
|
|a 504.064.4(437.6)
|2 1997
|
| 080 |
|
|
|a 628.4(437.6)
|2 1997
|
| 100 |
1 |
|
|a Rabayová, Zdena
|4 aut
|4 ivr
|9 845685
|
| 245 |
1 |
0 |
|a Najskôr výsledky, potom peniaze :
|b vznik duálneho systému Recyklačný fond uvítal
|c Zdena Rabayová, Juraj Dlhopolček
|
| 300 |
|
|
|b Fotogr.
|
| 610 |
2 |
7 |
|a Recyklačný fond (Slovensko)
|2 SNKKA
|9 52347
|
| 650 |
0 |
7 |
|a odpadové hospodárstvo
|2 SNKPH
|9 3603
|
| 700 |
1 |
|
|a Dlhopolček, Juraj
|4 aut
|4 ive
|9 797931
|
| 773 |
0 |
|
|t XXI. storočie
|x 1335-874X
|g Roč. 8, č. 3 (2005), s. 47-49
|
| 852 |
|
|
|a SVKKK
|b BIB
|
| 958 |
|
|
|a SK
|
| 999 |
|
|
|c 2238890
|d 2240820
|